Varsovie - Choix multiples - Statistiques

Statistiques générales
  • Ce quiz a été pris 563 fois
  • Le résultat moyen est 6 sur 10
Statistiques - réponses
Question Réponse % Correct
En l'honneur de quel musicien franco-polonais le principal aéroport de Varsovie est-il nommé ? Frédéric Chopin
88%
Quel dirigeant français créa le Duché de Varsovie et le vit prendre fin quelques années plus tard, après une retraite catastrophique à l'Est ? Napoléon Ier
86%
De quels pays le Pacte de Varsovie était-il composé ? De plusieurs pays du Bloc de l'Est
74%
Quel fleuve traverse la ville de Varsovie ? La Vistule
69%
Quel est le nom polonais de Marie Curie, née à Varsovie en 1867 ? Skłodowska
68%
Quand l'insurrection de Varsovie eut-elle lieu ? La Seconde Guerre mondiale
59%
A l'origine, qui composait la meilleure équipe de Pologne, Legia Varsovie ? L'armée
47%
Lequel de ces monuments n'est PAS un symbole de Varsovie ?
32%
Quel record Varsovie détient-elle dans l'Union européenne ? Le gratte-ciel le plus haut
32%
Comment Varsovie prospéra-t-elle après la Seconde Guerre mondiale ? En pillant le reste du pays pour la reconstruire, sur ordre communiste
25%
Aucun quiz correspondant
Distribution des résultats
% des personnes avec chaque résultat
Percentile par nombre de réponses
Votre historique - résultats
Vous n’avez pas pris ce quiz